Click the Realm of Austria-Hungary on a Map - Statistics

General Stats
  • This quiz has been taken 236 times
    207 since last reset
  • The average score is 15 of 19
Answers on the Map
Answers color-coded by a green-red scale on the quiz's map according to % correct below.
 
Answer Stats
Answer % Correct

Condominium of Bosnia and Herzegovina
93%

Kingdom of Croatia and Slavonia
93%

Kingdom of Hungary
91%

Kingdom of Bohemia
88%

County of Tyrol
87%

Kingdom of Galicia and Lodomeria
82%

City of Fiume
80%

Margraviate of Moravia
80%

Kingdom of Dalmatia
78%

Duchy of Salzburg
77%

County of Vorarlberg
76%

Duchy of Styria
76%

Duchy of Upper and Lower Silesia
73%

Duchy of Bukovina
71%

Austrian Littoral
65%

Upper Austria
65%

Lower Austria
63%

Duchy of Carinthia
61%

Duchy of Carniola
60%
No matching quizzes found
Score Distribution
Percent of People with Each Score
Percentile by Number Answered
Your Score History
You have not taken this quiz since the last reset